Central Library OPAC University of Rajshahi

Bird doctor / (Record no. 12605)

MARC details
000 -LEADER
fixed length control field 00693nam a22002412 4500
001 - CONTROL NUMBER
control field 12605
003 - CONTROL NUMBER IDENTIFIER
rucl marc code BD-RjUL
005 - DATE AND TIME OF LATEST TRANSACTION
control field 20211208235326.0
008 - FIXED-LENGTH DATA ELEMENTS--GENERAL INFORMATION
fixed length control field 140129s1961 enka 001 0 eng d
035 ## - SYSTEM CONTROL NUMBER
System control number OCLC ocm01432053 from D971104M
-- (BD-RjUL)12654
040 ## - CATALOGING SOURCE
Original cataloging agency ORL
Transcribing agency ORL
Modifying agency UKM
-- EQO
-- BD-RjUL
Language of cataloging eng
041 ## - LANGUAGE CODE
Language code of text/sound track or separate title eng
082 ## - DEWEY DECIMAL CLASSIFICATION NUMBER
Classification number 636.6
Author mark and year TOB 1961
100 1# - MAIN ENTRY--PERSONAL NAME
Personal name Tottenham, Katharine.
9 (RLIN) 39264
245 10 - TITLE STATEMENT
Title Bird doctor /
Statement of responsibility, etc. Katharine Tottenham
260 ## - PUBLICATION, DISTRIBUTION, ETC. (IMPRINT)
Place of publication, distribution, etc. Edinburgh :
Name of publisher, distributor, etc. T. Nelson,
Date of publication, distribution, etc. c1961
300 ## - PHYSICAL DESCRIPTION
Pagination vii, 162 p. :
Illustrations illus. ;
Size 20 cm.
650 #0 - SUBJECT ADDED ENTRY--TOPICAL TERM
Topical term or geographic name as entry element Birds
General subdivision Diseases.
9 (RLIN) 39265
Topical term or geographic name as entry element Birds
General subdivision Legends and stories.
9 (RLIN) 39266
942 ## - ADDED ENTRY ELEMENTS (KOHA)
Source of classification or shelving scheme Dewey Decimal Classification
Koha item type Books
Holdings
Lost status Source of classification or shelving scheme Damaged status Not for loan Collection code Permanent Location Current Location Shelving location Date acquired Source of acquisition Cost, normal purchase price Total Checkouts Full call number Date last seen Copy number Koha item type
  Dewey Decimal Classification   Not For Loan Non-fiction Central Library, University of Rajshahi Central Library, University of Rajshahi Reading Room 07/07/1964 Pak-American com. 11.25   636.6 TOB 1961 29/01/2014 C-1 Books